000
00305nam a22001217a 4500
008
181024b xxu||||| |||| 00| 0 eng d
041
_a
eng
080
_2
11th
_a
530
100
_a
43
101
_a
FIZ
245
_a
Mathematical Tables from Handbook of Chemistry & Physics
_c
Hodgman,Ch.D
942
_2
udc
_c
BK
999
_c
50859
_d
50859